Evaluación de proyectos de inversión en la empresa (Registro nro. 4895)

Detalles MARC
000 -LEADER
fixed length control field 01378 a2200229 4500
001 - CONTROL NUMBER
control field 49824
005 - DATE AND TIME OF LATEST TRANSACTION
control field 20260407155759.0
008 - FIXED-LENGTH DATA ELEMENTS--GENERAL INFORMATION
fixed length control field 260407a2001 arg spa d
003 - CONTROL NUMBER IDENTIFIER
control field AR-UNSa-BCEJYS
040 ## - CATALOGING SOURCE
Original cataloging agency AR-UNSa-BCEJYS
Language of cataloging spa
Transcribing agency AR-UNSa-BCEJYS
080 ## - UNIVERSAL DECIMAL CLASSIFICATION NUMBER
Universal Decimal Classification number 658.16
Common auxiliary subdivision Reorganización financiera (Proyectos de inversión)
020 ## - INTERNATIONAL STANDARD BOOK NUMBER
International Standard Book Number 978-987-9460-19-1
041 ## - LANGUAGE CODE
Language code of text/sound track or separate title spa
100 1# - MAIN ENTRY--PERSONAL NAME
Personal name Sapag Chain, Nassir
245 10 - TITLE STATEMENT
Title Evaluación de proyectos de inversión en la empresa
264 #1 - PRODUCTION, PUBLICATION, DISTRIBUTION, MANUFACTURE, AND COPYRIGHT NOTICE
Place of production, publication, distribution, manufacture Buenos Aires :
Name of producer, publisher, distributor, manufacturer Prentice Hall
Date of production, publication, distribution, manufacture, or copyright notice 2001
300 ## - PHYSICAL DESCRIPTION
Extent 412 P.
Dimensions 23 cm.
505 ## - FORMATTED CONTENTS NOTE
Formatted contents note 1. Proyectos en empresas en marcha – 2. Comportamientos del mercado: marco económico y predictivo – 3. Costos relevantes en proyectos de cambio – 4. Efectos tributarios de un proyecto sobre la empresa – 5. Costo e inversiones – 6. Cálculo de beneficios del proyecto – 7. ¿Cómo construir los flujos de caja de proyecto – 8. Cálculo y análisis de la viabilidad económica - 9. Evaluación de inversiones ante incertidumbre – 10. Cálculo de la tasa de costo de capital – 11. Análisis optimizante del proyecto – 12. Outsourcing, reemplazo, ampliación, abandono e internalización - 13. Estudio de casos.
590 ## - LOCAL NOTE (RLIN)
Local note niveau_biblio:m niveau_hierar:0
856 41 - ELECTRONIC LOCATION AND ACCESS
Uniform Resource Identifier <a href="https://www.biblioeco.unsa.edu.ar/pmb/images/libros/L128202.jpg">https://www.biblioeco.unsa.edu.ar/pmb/images/libros/L128202.jpg</a>
Link text Imagen de portada
Electronic format type image/jpeg
942 ## - ADDED ENTRY ELEMENTS (KOHA)
Koha item type
Existencias
Withdrawn status Lost status Damaged status Not for loan Home library Current library Shelving location Date acquired Total checkouts Full call number Barcode Date last seen Price effective from Koha item type
        Biblioteca Prof. Eusebio Cleto del Rey Biblioteca Prof. Eusebio Cleto del Rey   07/04/2026   658.16 S241e L128202 07/04/2026 07/04/2026 Libro